Krizden çıkış ve çağdaş sosyal demokrasi : (Record no. 14860)

MARC details
000 -BAŞLIK
Sabit Uzunlukta Kontrol Alanı 00883nam a22002657a 4500
999 ## - SİSTEM KONTROL NUMARALARI (KOHA)
Koha Biblionumber 14860
Koha Biblioitemnumber 14860
003 - KONTROL NUMARASI IDENTIFIER
Denetim Alanı MIRAKIL
005 - SON İŞLEM TARİHİ VE ZAMANI
Denetim Alanı 20220318140422.0
008 - SABİT-BOY VERİ ELEMANLARI - GENEL BİLGİLER
Sabit Uzunlukta Kontrol Alanı 220318b tu ||||| |||| 00| 0 tur d
020 ## - ULUSLARARASI STANDART KİTAP NUMARASI
Uluslararası Standart Kitap Numarası 9752934188
040 ## - KATALOGLAMA KAYNAK
Orijinal Kataloglama Ajansı TR-AnCHP
Metne Dönüştürmek Ajansı TR-AnCHP
041 ## - DİL KODU
Metin / Ses Parça Veya Ayrı Başlığın Dil Kodu tur
082 ## - DEWEY ONLU SINIFLANDIRMA NUMARASI
Sınıflandırma Numarası 320.9561
Ürün Numarası D36k 2006
100 ## - ANA GİRİŞ - KİŞİSEL İSİM
Kişisel Ad Derviş, Kemal
245 10 - BAŞLIK TABLOSU
Başlık Krizden çıkış ve çağdaş sosyal demokrasi :
Başlığın Kalan Kemal Derviş anlatıyor /
Sorumluluk Tablosu, Vb Kemal Derviş, Serhan Asker, Yusuf Işık.
260 ## - YAYIN, DAĞITIM, VB
Yayın, Dağıtım, Vb Yeri İstanbul :
Yayıncı, Dağıtıcı, Vs Adı Doğan Kitap,
Yayın, Dağıtım, Vb Tarihi 2006.
300 ## - FİZİKSEL TANIM
Kapsam 292 s.:
Boyutlar 23 sm.
504 ## - KAYNAKÇA VB NOT
Kaynakça Vb Notu Kaynakça vardır.
600 #0 - KONU KATMA GİRİŞ - KURUMSAL ADI
9 (RLIN) 7031
Kişisel Ad Derviş, Kemal
Başlıklar Ve Bir Adla İlişkili Diğer Kelimeler Siyasetçi , Ekonomist
Bir Adıyla İlişkilendirilen Tarihler 1949-
Genel Alt Bölümü Anılar
650 #0 - KONU KATMA GİRİŞ - TOPİKAL DÖNEM
9 (RLIN) 9
Topikal Süreli Veya Coğrafi Ad Giriş Elemanı Siyaset ve yönetim
Genel Alt Bölümü Türkiye
650 #0 - KONU KATMA GİRİŞ - TOPİKAL DÖNEM
9 (RLIN) 4
Topikal Süreli Veya Coğrafi Ad Giriş Elemanı Türkiye
Genel Alt Bölümü Ekonomi Politikalar
650 #0 - KONU KATMA GİRİŞ - TOPİKAL DÖNEM
9 (RLIN) 4
Topikal Süreli Veya Coğrafi Ad Giriş Elemanı Türkiye
Genel Alt Bölümü Sosyal demokrasi
700 ## - KATMA GİRİŞ - KİŞİSEL İSİM
9 (RLIN) 7032
Kişisel Ad Asker, Serhan
700 ## - KATMA GİRİŞ - KİŞİSEL İSİM
9 (RLIN) 7033
Kişisel Ad Işık, Yusuf
942 ## - EKLENDİ GİRİŞ ELEMANLARI (KOHA)
Sınıflandırma Veya Raf Düzeni Kaynak Dewey Decimal Classification
Koha Öğesi Türü Books
Holdings
Kalıcı Konum Mevcut Konum Edinme Tarihi Toplam Check-Out'Lar Tam Çağrı Numarası Barkod Tarih Son Görülme İtibaren Geçerli Fiyatlar Koha Öğesi Türü
CHP Kütüphanesi CHP Kütüphanesi 03/18/2022   320.9561 D36k 2006 020374 03/18/2022 03/18/2022 Books